000 00317nam a22001457a 4500
003 SGT
082 _a155.4
_bE09K
100 _aKIRK, SAMUEL
245 _aEDUCATING EXCEPTIONAL CHILDREN
250 _a12TH
260 _aAUSTRALIA
_bWADS WORTH
_c2009
300 _a447
650 _aPSYCHOLOGY
942 _2ddc
_cBK
999 _c13914
_d13914